Retrouve les chansons de Patricia Kaas - Statistiques

Statistiques générales
  • Ce quiz a été pris 17 fois
  • Le résultat moyen est 9 sur 21
Answers on the Grid
Answers color-coded by a green-red scale on the quiz's grid according to % correct below.
J'envoie valser
D'Allemagne
Entrer dans la lumière
Je voudrais la connaître
Eblouie par la nuit
Un jour au mauvais endroit
Il me dit que je suis belle
Une Femme Comme Une Autre
Jacques a dit
Kabaret
Vénus des abribus
Regarde les riches
Suivre une étoile
Les hommes qui passent
Dans ma chair
Où Sont Les Hommes
Madame Tout Le Monde
Les mannequins d'osier
Marilyn & John
Les lignes de nos mains
Ma Liberté Contre La Tienne
Et S'Il Fallait Le Faire
Elle voulait jouer cabaret
Sans contrefaçon
Une Fille De L'est
Donne-moi le temps
Quand j'ai peur de tout
Je te dis vous
Mon mec à moi
Ma philosophie
 
Statistiques - réponses
Réponse % Correct
Il me dit que je suis belle
100%
Entrer dans la lumière
80%
Mon mec à moi
80%
D'Allemagne
60%
Je voudrais la connaître
60%
Kabaret
60%
Une Fille De L'est
60%
Elle voulait jouer cabaret
53%
Les hommes qui passent
53%
Madame Tout Le Monde
47%
Je te dis vous
40%
Les mannequins d'osier
33%
Dans ma chair
27%
Et S'Il Fallait Le Faire
27%
Les lignes de nos mains
27%
Où Sont Les Hommes
27%
Quand j'ai peur de tout
27%
Une Femme Comme Une Autre
27%
Vénus des abribus
27%
Ma Liberté Contre La Tienne
13%
Regarde les riches
13%
Aucun quiz correspondant
Distribution des résultats
% des personnes avec chaque résultat
Percentile par nombre de réponses
Votre historique - résultats
Vous n’avez pas pris ce quiz